<?xml version="1.0" encoding="UTF-8"?>
<record
    xmlns:xsi="http://www.w3.org/2001/XMLSchema-instance"
    xsi:schemaLocation="http://www.loc.gov/MARC21/slim http://www.loc.gov/standards/marcxml/schema/MARC21slim.xsd"
    xmlns="http://www.loc.gov/MARC21/slim">

  <leader>02097nam0a2200421   4500</leader>
  <controlfield tag="001">RU\NLR\bibl\564998</controlfield>
  <controlfield tag="005">20250609163550.0</controlfield>
  <datafield tag="010" ind1=" " ind2=" ">
    <subfield code="a">5-8343-0090-1</subfield>
    <subfield code="9">150</subfield>
  </datafield>
  <datafield tag="021" ind1=" " ind2=" ">
    <subfield code="a">RU</subfield>
    <subfield code="b">2004-21934</subfield>
    <subfield code="9">1112</subfield>
  </datafield>
  <datafield tag="035" ind1=" " ind2=" ">
    <subfield code="a">RSL-KNO-002426383</subfield>
  </datafield>
  <datafield tag="035" ind1=" " ind2=" ">
    <subfield code="a">(NLR Aleph) 000557095</subfield>
  </datafield>
  <datafield tag="090" ind1=" " ind2=" ">
    <subfield code="a">1508865</subfield>
    <subfield code="c">1508865</subfield>
  </datafield>
  <datafield tag="100" ind1=" " ind2=" ">
    <subfield code="a">20040420d2004    |||y0rusy50      ca</subfield>
  </datafield>
  <datafield tag="101" ind1="0" ind2=" ">
    <subfield code="a">rus</subfield>
  </datafield>
  <datafield tag="102" ind1=" " ind2=" ">
    <subfield code="a">RU</subfield>
  </datafield>
  <datafield tag="105" ind1=" " ind2=" ">
    <subfield code="a">a   |||||||||</subfield>
  </datafield>
  <datafield tag="106" ind1=" " ind2=" ">
    <subfield code="a">r</subfield>
  </datafield>
  <datafield tag="200" ind1="1" ind2=" ">
    <subfield code="a">&#x42E;&#x43D;&#x433;&#x438; &#x43E;&#x433;&#x43D;&#x435;&#x43D;&#x43D;&#x44B;&#x445; &#x440;&#x435;&#x439;&#x441;&#x43E;&#x432; &#x43E; &#x43B;&#x435;&#x43D;&#x434;-&#x43B;&#x438;&#x437;&#x435;</subfield>
    <subfield code="e">&#x418;&#x437; &#x438;&#x441;&#x442;&#x43E;&#x440;&#x438;&#x438; &#x444;&#x43B;&#x43E;&#x442;&#x430;</subfield>
    <subfield code="f">&#x411;&#x43E;&#x440;&#x438;&#x441; &#x41C;&#x430;&#x43A;&#x441;&#x44F;&#x442;&#x43A;&#x438;&#x43D;</subfield>
    <subfield code="g">&#x41C;&#x43E;&#x440;. &#x433;&#x43E;&#x441;. &#x443;&#x43D;-&#x442; &#x438;&#x43C;. &#x430;&#x434;&#x43C;. &#x413;.&#x418;. &#x41D;&#x435;&#x432;&#x435;&#x43B;&#x44C;&#x441;&#x43A;&#x43E;&#x433;&#x43E;</subfield>
  </datafield>
  <datafield tag="210" ind1=" " ind2=" ">
    <subfield code="a">&#x412;&#x43B;&#x430;&#x434;&#x438;&#x432;&#x43E;&#x441;&#x442;&#x43E;&#x43A;</subfield>
    <subfield code="c">&#x41C;&#x43E;&#x440;. &#x433;&#x43E;&#x441;. &#x443;&#x43D;-&#x442;</subfield>
    <subfield code="d">2004</subfield>
  </datafield>
  <datafield tag="215" ind1=" " ind2=" ">
    <subfield code="a">111 &#x441;.</subfield>
    <subfield code="c">&#x438;&#x43B;.</subfield>
    <subfield code="d">20</subfield>
  </datafield>
  <datafield tag="225" ind1="1" ind2=" ">
    <subfield code="a">&#x421;&#x435;&#x440;&#x438;&#x44F; "&#x411;&#x43B;&#x430;&#x433;&#x43E;&#x434;&#x430;&#x440;&#x43D;&#x430;&#x44F; &#x43F;&#x430;&#x43C;&#x44F;&#x442;&#x44C;"</subfield>
    <subfield code="v">&#x41A;&#x43D;. 4</subfield>
  </datafield>
  <datafield tag="300" ind1=" " ind2=" ">
    <subfield code="a">&#x41F;&#x43E;&#x441;&#x432;&#x44F;&#x449;&#x430;&#x435;&#x442;&#x441;&#x44F; 60-&#x43B;&#x435;&#x442;&#x438;&#x44E; &#x432;&#x432;&#x435;&#x434;. &#x438;&#x43D;-&#x442;&#x430; &#x44E;&#x43D;&#x433;-&#x432;&#x43E;&#x441;&#x43F;&#x438;&#x442;&#x430;&#x43D;&#x43D;&#x438;&#x43A;&#x43E;&#x432; - &#x443;&#x447;&#x430;&#x441;&#x442;&#x43D;&#x438;&#x43A;&#x43E;&#x432; &#x43E;&#x433;&#x43D;&#x435;&#x43D;&#x43D;&#x44B;&#x445; &#x440;&#x435;&#x439;&#x441;&#x43E;&#x432; &#x438; &#x448;&#x43A;. &#x44E;&#x43D;&#x433; &#x412;&#x41C;&#x424; &#x43D;&#x430; &#x421;&#x43E;&#x43B;&#x43E;&#x432;&#x435;&#x446;. &#x43E;&#x441;&#x442;&#x440;&#x43E;&#x432;&#x430;&#x445;</subfield>
  </datafield>
  <datafield tag="300" ind1=" " ind2=" ">
    <subfield code="a">&#x41D;&#x430; &#x43E;&#x431;&#x43B;. : 60 &#x43B;&#x435;&#x442; &#x432;&#x44B;&#x441;&#x448;. &#x43C;&#x43E;&#x440;. &#x43E;&#x431;&#x440;&#x430;&#x437;&#x43E;&#x432;&#x430;&#x43D;&#x438;&#x44F; &#x432; &#x420;&#x43E;&#x441;&#x441;&#x438;&#x438;</subfield>
  </datafield>
  <datafield tag="320" ind1=" " ind2=" ">
    <subfield code="a">&#x411;&#x438;&#x431;&#x43B;&#x438;&#x43E;&#x433;&#x440;.: &#x441;. 109 (22 &#x43D;&#x430;&#x437;&#x432;.)</subfield>
  </datafield>
  <datafield tag="606" ind1="1" ind2=" ">
    <subfield code="a">&#x41B;&#x435;&#x43D;&#x434;-&#x43B;&#x438;&#x437;</subfield>
    <subfield code="j">&#x412;&#x43E;&#x441;&#x43F;&#x43E;&#x43C;&#x438;&#x43D;&#x430;&#x43D;&#x438;&#x44F;, &#x437;&#x430;&#x43F;&#x438;&#x441;&#x43A;&#x438; &#x438; &#x442;.&#x43F;.</subfield>
    <subfield code="9">1331469</subfield>
    <subfield code="3">RU\NLR\auth\66238911</subfield>
  </datafield>
  <datafield tag="606" ind1="1" ind2=" ">
    <subfield code="a">&#x41C;&#x43E;&#x440;&#x441;&#x43A;&#x43E;&#x439; &#x43A;&#x43E;&#x43D;&#x432;&#x43E;&#x439;</subfield>
    <subfield code="j">&#x412;&#x43E;&#x441;&#x43F;&#x43E;&#x43C;&#x438;&#x43D;&#x430;&#x43D;&#x438;&#x44F;, &#x437;&#x430;&#x43F;&#x438;&#x441;&#x43A;&#x438; &#x438; &#x442;.&#x43F;.</subfield>
    <subfield code="y">&#x421;&#x421;&#x421;&#x420;</subfield>
    <subfield code="z">1941 - 1945</subfield>
    <subfield code="9">1583430</subfield>
    <subfield code="3">RU\NLR\auth\66695166</subfield>
  </datafield>
  <datafield tag="606" ind1="1" ind2=" ">
    <subfield code="a">&#x41C;&#x43E;&#x440;&#x441;&#x43A;&#x438;&#x435; &#x43A;&#x43E;&#x43D;&#x432;&#x43E;&#x438;</subfield>
    <subfield code="j">&#x412;&#x43E;&#x441;&#x43F;&#x43E;&#x43C;&#x438;&#x43D;&#x430;&#x43D;&#x438;&#x44F;, &#x437;&#x430;&#x43F;&#x438;&#x441;&#x43A;&#x438; &#x438; &#x442;.&#x43F;.</subfield>
    <subfield code="y">&#x421;&#x421;&#x421;&#x420;</subfield>
    <subfield code="z">1941 - 1945</subfield>
    <subfield code="9">2373041</subfield>
    <subfield code="3">RU\NLR\auth\661416342</subfield>
  </datafield>
  <datafield tag="686" ind1=" " ind2=" ">
    <subfield code="a">&#x422;3(0)629-622,013.1</subfield>
    <subfield code="2">rubbk</subfield>
  </datafield>
  <datafield tag="686" ind1=" " ind2=" ">
    <subfield code="a">&#x426;35(2)722-7,013</subfield>
  </datafield>
  <datafield tag="686" ind1=" " ind2=" ">
    <subfield code="a">&#x426;35(2)722.81,013</subfield>
  </datafield>
  <datafield tag="686" ind1=" " ind2=" ">
    <subfield code="a">&#x426;66,6(2)0-541.1,013</subfield>
  </datafield>
  <datafield tag="700" ind1=" " ind2="1">
    <subfield code="a">&#x41C;&#x430;&#x43A;&#x441;&#x44F;&#x442;&#x43A;&#x438;&#x43D;</subfield>
    <subfield code="b">&#x411;. &#x424;.</subfield>
    <subfield code="f">1931-</subfield>
    <subfield code="g">&#x411;&#x43E;&#x440;&#x438;&#x441; &#x424;&#x435;&#x434;&#x43E;&#x440;&#x43E;&#x432;&#x438;&#x447;</subfield>
    <subfield code="4">070</subfield>
  </datafield>
  <datafield tag="801" ind1=" " ind2="0">
    <subfield code="a">RU</subfield>
    <subfield code="b">RuMoRKP</subfield>
    <subfield code="c">20040420</subfield>
    <subfield code="g">PSBO</subfield>
  </datafield>
  <datafield tag="801" ind1=" " ind2="1">
    <subfield code="a">RU</subfield>
    <subfield code="b">RuMoRGB</subfield>
    <subfield code="c">20040420</subfield>
  </datafield>
  <datafield tag="801" ind1=" " ind2="2">
    <subfield code="a">RU</subfield>
    <subfield code="b">NLR</subfield>
    <subfield code="c">20041020</subfield>
    <subfield code="g">PSBO</subfield>
  </datafield>
  <datafield tag="942" ind1=" " ind2=" ">
    <subfield code="c">BOOK</subfield>
  </datafield>
  <datafield tag="980" ind1=" " ind2=" ">
    <subfield code="a">NB</subfield>
  </datafield>
  <datafield tag="995" ind1=" " ind2=" ">
    <subfield code="5">2004-10-20</subfield>
    <subfield code="a">ad</subfield>
    <subfield code="b">NLR01</subfield>
    <subfield code="c">NLR01</subfield>
    <subfield code="e">RF3</subfield>
    <subfield code="f">1-3456447</subfield>
    <subfield code="k">2004-3/21673</subfield>
    <subfield code="o">0</subfield>
    <subfield code="r">BOOK</subfield>
    <subfield code="s">2004321673_</subfield>
  </datafield>
  <datafield tag="995" ind1=" " ind2=" ">
    <subfield code="5">2004-10-20</subfield>
    <subfield code="a">ad</subfield>
    <subfield code="b">NLR01</subfield>
    <subfield code="c">NLR01</subfield>
    <subfield code="e">RF3</subfield>
    <subfield code="f">776023</subfield>
    <subfield code="k">2004-3/21673</subfield>
    <subfield code="o">0</subfield>
    <subfield code="r">BOOK</subfield>
    <subfield code="s">2004321673_</subfield>
  </datafield>
</record>
